| 000 | 00450nam a2200157 i 4500 | ||
|---|---|---|---|
| 001 | 104489 | ||
| 003 | ES-MaACL | ||
| 005 | 20230906183622.0 | ||
| 007 | t| | ||
| 008 | 051130s1928 ag ||||1| spa d | ||
| 100 | 1 |
_aMillé y Giménez, Juan. _981195 |
|
| 245 | 1 | 0 |
_aComentarios a dos sonetos de Góngora / _cJuan Millé y Giménez. |
| 260 |
_aBuenos Aires : _b[s.n.], _c1928 ( _fConi) |
||
| 300 |
_a12 p. ; _c28 cm. |
||
| 852 |
_aES-MaACL _j1724-F-11 |
||
| 999 |
_c104489 _d104489 |
||